| 000 | 00730nam a22002297a 4500 | ||
|---|---|---|---|
| 003 | UA-OsUOA | ||
| 001 | 39769 | ||
| 007 | ta | ||
| 008 | 20060627b un ||||| |||| 00| 0 ukr d | ||
| 100 | _aЯременко П.К. | ||
| 090 |
_a82(091)(477) _bЯ72 |
||
| 942 | _cBK | ||
| 040 |
_aUA-OsUOA _bukr _cUA-OsUOA _dUA-OsUOA |
||
| 245 | _a"Пересторога" - український антиуніатський памфлет початку ХУІІ ст. | ||
| 300 | _a164 с. | ||
| 955 | _a1 | ||
| 041 | _aukr | ||
| 080 | _a82(091)(477) | ||
| 260 |
_aК. _bВидавництво Академії Наук УРСР _c1963 |
||
| 650 | 7 |
_a82 Література. Літературознавство _2UDC |
|
| 999 |
_c325911 _d325911 |
||